00373nam a2200133Ia 4500008004100000024001500041082001700056100002200073245004200095260002600137600002100163650003800184999001700222260210s9999 xx 000 0 und d a008-006-BS a004.1072 FAI aFaizan Bin Fakhar 0aCentral Scheduling System (code book) aKarachi:bUITU,c2008 aComputer Science aBachelor of Computer Science (BS) c32086d32086